000 00799nam a2200241Ia 4500
003 OSt
005 20220925170528.0
006 a|||||r|||| 00| 0
007 ta
008 220923b |||||||| |||| 00| 0 eng d
037 _cGeneral Book
040 _aRTL
_cRTL
_beng
041 _2eng
_aeng
082 _aXM8.54.2.N80, M0
110 _aUnited Nations, Economic and Social Commission for Asia and te Pacific.
_9237189
245 0 _aMonitoring and Regulation Transnational Corporation in India
260 _aBangkok
_bUnited Nations
_c1980
300 _a104p.
_ccm.
490 _aWorking Paper no.12
700 _aUnited Nations, Economic and Social Commission for Asia and te Pacific.
_9237190
942 _hXM8.54.2.N80, M0
_cGB
_2CC
999 _c480372
_d480372